Every 100,000+ City in France in Order - Statistics

General Stats
  • This quiz has been taken 112 times
    42 since last reset
  • The average score is 37 of 72
Answer Stats
Letter Population City % Correct
B 1,104,087 Bordeaux
100%
L 2,251,197 Lyon
100%
M 2,053,893 Marseille
100%
N 1,008,120 Nice
100%
P 12,146,952 Paris
100%
T 1,303,498 Toulouse
100%
L 1,208,823 Lille
96%
N 727,460 Nantes
96%
G 470,336 Grenoble
88%
M 812,673 Montpellier
88%
S 504,865 Strasbourg
88%
R 374,985 Rennes
85%
R 516,653 Rouen
81%
L-H 268,779 Le Havre
77%
O 313,288 Orléans
77%
C-F 281,155 Clermont-Ferrand
73%
T 480,660 Toulon
73%
A-E-P 147,478 Aix-en-Provence
69%
N 194,260 Nancy
69%
S-E 172,718 Saint-Étienne
69%
A 253,700 Angers
65%
M 326,339 Metz
65%
S-D 187,622 Saint-Denis
65%
T 371,095 Tours
65%
A 462,077 Avignon
62%
L-M 163,031 Le Mans
62%
S-D 150,020 Saint-Denis
62%
L 192,109 Limoges
58%
A 178,942 Amiens
54%
D 232,134 Dijon
54%
R 205,175 Reims
54%
S-P 228,470 Saint Pierre
54%
C 209,672 Caen
50%
M 255,116 Mulhouse
50%
B 201,793 Besançon
46%
C 248,070 Cannes
46%
F-D-F 106,539 Fort-de-France
46%
L-R 102,011 La Rochelle
46%
S-P 192,029 Saint-Paul
46%
V 164,084 Villeurbanne
46%
B 155,452 Brest
42%
N 154,019 Nîmes
42%
S-N 206,610 Saint-Nazaire
42%
V 274,193 Versailles
42%
D 190,310 Dunkirk
38%
A 207,820 Annecy
35%
B-B 121,105 Boulogne-Billancourt
35%
C 145,025 Calais
35%
C 210,245 Chambéry
35%
L 146,711 Lens
35%
P 103,788 Poitiers
35%
V 104,070 Valence
35%
B 136,887 Bayonne
31%
P 140,063 Pau
31%
C 130,550 Cayenne
27%
C 101,402 Colmar
27%
P-A-P 260,071 Pointe-à-Pitre
27%
V 110,277 Valenciennes
27%
M 111,455 Montreuil
23%
N 101,053 Nanterre
23%
P 122,412 Perpignan
23%
A 108,114 Argenteuil
19%
B-S-M 109,389 Boulogne-sur-Mer
19%
R 103,228 Roubaix
19%
T 105,090 Tourcoing
19%
T 122,462 Troyes
19%
N 178,506 Nouméa
15%
C 102,097 Chartres
12%
L 125,048 Lorient
12%
P 141,440 Papeʻete
12%
T 114,577 Thionville
4%
C 107,650 Creil
0%
No matching quizzes found
Score Distribution
Percent of People with Each Score
Percentile by Number Answered
Your Score History
You have not taken this quiz since the last reset